| 000 | 00312nam a22000977a 4500 | ||
|---|---|---|---|
| 008 | 171211b xxu||||| |||| 00| 0 eng d | ||
| 100 | _aBooth, Phebe | ||
| 245 | _aSubject matter of philately : a checklist of stamp designs | ||
| 260 |
_aHolton, Kan. _bThe Gossip Printery _c1944 |
||
| 650 | _aDesigns | Topical Collecting | ||
| 999 |
_c2576 _d2576 |
||